Rusko a WTO diplomová práca

Na minha lista:
Detalhes bibliográficos
Autor principal: Papierniková, Michaela
Autor Corporativo: Ekonomická univerzita v Bratislave. Fakulta medzinárodných vzťahov
Outros Autores: Csabay, Marek
Formato: Livro
Idioma:eslovaco
Publicado em: Bratislava 2010
Tags: Adicionar Tag
Sem tags, seja o primeiro a adicionar uma tag!

MARC

LEADER 00000nam a2200000 4500
001 0121524
005 20240318123419.0
041 0 |a slo 
044 |a SK 
245 1 0 |a Rusko a WTO  |b diplomová práca  |c Michaela Papierniková ; škol. Marek Csabay 
264 1 |a Bratislava  |c 2010 
300 |a 85 s. 
100 1 |a Papierniková, Michaela 
700 1 |a Csabay, Marek 
710 2 |a Ekonomická univerzita v Bratislave. Fakulta medzinárodných vzťahov